| 000 | 01069pam a2200325 a 4500 | ||
|---|---|---|---|
| 001 | 4769773 | ||
| 003 | NUST - PNEC | ||
| 005 | 20170116181146.0 | ||
| 008 | 860605t19861985nyu b 001 0 eng | ||
| 010 | _a 86015092 | ||
| 020 | _a0671551973 | ||
| 020 | _a0394748654 (pbk.) : | ||
| 040 |
_aDLC _cLIBRARY _dDLC |
||
| 043 | _aa-ir--- | ||
| 050 | 1 | 0 |
_aBP192.7.I68 _bM67 1986 |
| 082 | 0 | 0 | _a955.053 MOT |
| 100 | 1 |
_aMottahedeh, Roy P., _d1940- |
|
| 245 | 1 | 4 |
_aThe mantle of the prophet : religion and politics in Iran / _cRoy Mottahedeh. |
| 250 | _a1st Pantheon pbk. ed. | ||
| 260 |
_aNew York : _bPantheon Books, _c[1986], c1985. |
||
| 300 |
_a416 p. ; _c21 cm. |
||
| 500 | _aIncludes index. | ||
| 504 | _aBibliography: p. 391-397. | ||
| 650 | 0 |
_aIslam and politics _zIran, History _xGeneral |
|
| 650 | 0 |
_aShīʻah _zIran. |
|
| 651 | 0 |
_aIran _xPolitics and government _y1941-1979. |
|
| 856 | 4 | 2 |
_3Publisher description _uhttp://www.loc.gov/catdir/description/random044/86015092.html |
| 906 |
_a7 _bcbc _corignew _d1 _eocip _f19 _gy-gencatlg |
||
| 942 |
_2ddc _cBK |
||
| 999 |
_c70702 _d70702 |
||